Largest Cities on each Continent - Statistics

General Stats
  • This quiz has been taken 137 times
    39 since last reset
  • The average score is 18 of 18
Answer Stats
Hint Answer % Correct
2. South America Buenos Aires
100%
1. Africa Cairo
100%
2. Africa Lagos
100%
3. Europe London
100%
3. North America Los Angeles
100%
1. North America Mexico City
100%
1. Europe Moscow
100%
2. North America New York CIty
100%
3. South America Rio de Janeiro
100%
1. Ausralia and Oceania Sydney
100%
2. Asia Tokyo
100%
2. Ausralia and Oceania Melbourne
97%
1. South America Sao Paulo
97%
1. Asia Guangzhou
95%
3. Africa Johannesburg
95%
3. Asia Shanghai
95%
2. Europe Istanbul
92%
3. Ausralia and Oceania Brisbane
89%
No matching quizzes found
Score Distribution
Percent of People with Each Score
Percentile by Number Answered
Your Score History
You have not taken this quiz since the last reset